Statistiques concernant Pokémon - Attaques de type Sol

Cliquez ici pour prendre le quiz!

Statistiques générales

  • Ce quiz a été pris 912 fois
    (326 depuis la dernière actualisation)
  • Le résultat moyen est 13 sur 28

Statistiques - réponses

GénérationAttaque% Correct
1Séisme
100%
1Tunnel
82%
2Ampleur
75%
4Telluriforce
70%
1Abîme
69%
1Jet de Sable
68%
3Tir de Boue
66%
2Coud'Boue
60%
4Boue-Bombe
59%
5Piétisol
55%
3Lance-Boue
54%
6Lame Pangéenne
52%
3Tourbi-Sable
47%
7Myria-Flèches
46%
7Cavalerie Lourde
45%
5Tunnelier
45%
7Myria-Vagues
39%
2Picots
36%
1Osmerang
34%
6Force Chtonienne
32%
7Amass'Sable
31%
1Massd'Os
31%
8Sable Ardent
29%
7Trépignement
29%
2Charge Os
23%
6Fertilisation
18%
8Assaut Frontal
16%
8Typhon Pyrosable
12%

Distribution des résultats

Percentile par nombre de réponses

% des personnes avec chaque résultat

Votre développement - résultats

Vous n’avez pas pris ce quiz depuis la dernière actualisation